Normal view MARC view
  • Semiótica

Entry Materia

Number of records used in: 53

001 - NÚMERO DE CONTROL DEL REGISTRO

  • campo de control: 6046

003 - IDENTIFICADOR DE NUMERO DE CONTROL

  • campo de control: UPN

005 - FECHA Y HORA DE LA ÚLTIMA TRANSACCIÓN

  • campo de control: 20240924113012.0

008 - DATOS DE LONGITUD FIJA

  • campo de control de longitud fija: 220816n||acznnbabn | ana |d

035 ## - NÚMERO DE CONTROL DEL SISTEMA

  • Número de control del sistema: UPN10000006047

040 ## - FUENTE DE LA CATALOGACIÓN

  • Centro catalogador de origen: UPN
  • Lengua de catalogación: spa
  • Agencia de transcripción: UPN

046 ## - FECHAS CON CODIFICACIÓN ESPECIAL

  • Fecha final para contenidos agregados: 2022

150 ## - ENCABEZAMIENTO - TEMÁTICO

  • Término de materia o nombre geográfico como elemento inicial: Semiótica

360 ## - REFERENCIA COMPLEJA DE VÉASE ADEMÁS - MATERIA

  • Texto explicativo: La subdivisión
  • Encabezamiento al que se remite: SEMIOTICA
  • Texto explicativo: bajo temas que traten sobre la comunicación y la publicidad

550 ## - VÉASE ADEMÁS - MATERIA

  • Encabezamiento temático o nombre geográfico como elemento de entrada: SEMIOLOGIA

550 ## - VÉASE ADEMÁS - MATERIA

  • Encabezamiento temático o nombre geográfico como elemento de entrada: SIGNOS Y SIMBOLOS

670 ## - FUENTE EN LA QUE SE LOCALIZARON DATOS

  • Cita de la fuente: A

902 ## - CATALOGADOR

  • Catalogador: LG/270601